000 00636cam a22002413a 4500
001 23905
003 PGUSA
005 20140828083517.0
008 071201s2007||||xxu|||||s|||||000 | eng d
040 _aPGUSA
_beng
042 _adc
050 4 _aHX
100 1 _aMarx, Karl,
_d1818-1883
245 1 4 _aThe Communist Manifesto
_h[electronic resource] /
_cKarl Marx
260 _bProject Gutenberg,
_c2007
506 _aPublic domain in the USA.
516 _aElectronic text
653 _aCommunism
653 _aSocialism
830 0 _aProject Gutenberg
_v23905
856 4 0 _uhttp://www.gutenberg.org/ebooks/23905
942 _cEB
999 _c253160
_d253160